000 00540nam a22001817a 4500
005 20250723124256.0
008 250723b |||||||| |||| 00| 0 eng d
022 _a9780702182112
041 _aEnglish
082 _a347.1 GRA
100 _lEnglish
245 _aThe Fundamental Principles of Effective Trail Advocacy /
_cGravett WH
250 _aFirst Edition
260 _aCape Town:
_bJuta and Company Ltd,
_c2009
300 _b175 pages;
_c25 cm.
650 _aLegal practice
_bLaw
942 _cBK
_6ALISON_BN_VRIES
999 _c3311
_d3311